000 00334nam a2200157Ia 4500
003 Ost
005 20260225132553.0
008 260225s9999||||xx |||||||||||||| ||und||
040 _cfsic
041 _afre
082 _a440
100 _aF.J tomiche
_eAuteur
245 0 _aSyndicalisme /
245 0 _cF.J tomiche
942 _cكتاب
999 _c34273
_d34273